Statistics for McDonald's Trivia

Click here to take the quiz!

General Stats

  • This quiz has been taken 30,144 times
  • The average score is 16 of 26

Answer Stats

Hint Answer % Correct
McDonald's signature sandwichBig Mac
96%
Mascot of McDonald'sRonald McDonald
95%
Ingredients of the aboveLettuce
91%
Ingredients of the aboveTwo All-Beef Patties
88%
Ingredients of the aboveCheese
86%
Ingredients of the aboveSesame Seed Bun
85%
Name of McDonald's logoThe {Golden} Arches
75%
Ingredients of the abovePickles
73%
Ingredients of the aboveOnions
73%
Slogan of McDonald'sI'm Lovin' It
69%
Signature breakfast sandwichMcMuffin
67%
Board game sweepstakes
played at McDonald's
Monopoly
66%
Chicken item introduced in 1983
not actually made of pink slime
Chicken McNuggets
63%
Cartoon thief who steals burgersHamburglar
57%
McDonald's version of a
Dairy Queen blizzard
McFlurry
57%
Movie about a man who ate McDonald's
for 30 straight days
Super Size Me
54%
Pork-based item that McDonald's
only offers seasonally
McRib
52%
Sandwich introduced for Catholics to eat
on Fridays and during Lent
Filet-O-Fish
49%
Ingredients of the aboveSpecial Sauce
48%
St. Patrick's Day seasonal shakeShamrock Shake
38%
Restaurant from "The Simpsons" that
is a parody of McDonald's
{Krusty} Burger
37%
Quarter Pounder with Cheese in France,
according to "Pulp Fiction"
{Royale} With
Cheese
32%
Breakfast sandwich with a maple flavorMcGriddle
31%
Dopey, obese, purple characterGrimace
27%
Businessman who built McDonald's
into a huge chain
Ray Kroc
23%
Mayor of McDonaldlandMayor McCheese
22%

Score Distribution

Percentile by Number Answered

Percent of People with Each Score

Your Score History

You have not taken this quiz